| 000 | 00851nam a22002055i 4500 | ||
|---|---|---|---|
| 001 | 156186 | ||
| 003 | ES-MaACL | ||
| 005 | 20250713080255.0 | ||
| 008 | 020423s1897 sp |||| | spa d | ||
| 040 |
_aCAM _bspa _cCAM |
||
| 100 | 1 |
_aJackson Veyán, José. _965824 |
|
| 245 | 1 | 3 |
_aEl sí natural _b: zarzuela en un acto / _cletra de josé Jackson Veyán; música del maestro Chapí. |
| 260 |
_aMadrid : _b[s.n.], _c1897 ( _fR. Velasco) |
||
| 300 |
_a32 p. ; _c20 cm. |
||
| 500 | 1 | _aRepresentada en el teatro de Apolo, el 11 de febrero de 1897. | |
| 596 | 1 | _aEn verso de antep. consta: "... de las Galerías Biblioteca lírico-dramática y Teatro Cómico, de Arregui y Aruej ..." | |
| 700 | 1 | 1 |
_aChapí, Ruperto, _d1851-1909 _emús. _938014 |
| 852 |
_aES-MaACL _jF-4093(3) _z-- Enc. hol. _q-- Falto de la cub. original |
||
| 999 |
_c156186 _d156186 |
||